<?xml version="1.0" encoding="UTF-8"?>
<record
    xmlns:xsi="http://www.w3.org/2001/XMLSchema-instance"
    xsi:schemaLocation="http://www.loc.gov/MARC21/slim http://www.loc.gov/standards/marcxml/schema/MARC21slim.xsd"
    xmlns="http://www.loc.gov/MARC21/slim">

  <leader>00997nam a22002777a 4500</leader>
  <controlfield tag="003">AR-BeUNQ</controlfield>
  <controlfield tag="005">20220606132321.0</controlfield>
  <controlfield tag="008">220606b        |||||||| |||| 00| 0 spa d</controlfield>
  <datafield tag="020" ind1=" " ind2=" ">
    <subfield code="a">9789873321177</subfield>
  </datafield>
  <datafield tag="040" ind1=" " ind2=" ">
    <subfield code="a">AR-BeUNQ</subfield>
    <subfield code="c">AR-BeUNQ</subfield>
    <subfield code="e">aacr</subfield>
  </datafield>
  <datafield tag="082" ind1=" " ind2=" ">
    <subfield code="2">21</subfield>
    <subfield code="a">330=37</subfield>
  </datafield>
  <datafield tag="100" ind1="0" ind2="1">
    <subfield code="a">Andrade,  Gisela</subfield>
    <subfield code="c">aut. </subfield>
    <subfield code="d">1960</subfield>
  </datafield>
  <datafield tag="245" ind1="0" ind2="3">
    <subfield code="a">M&#xFA;ltiples voces para el Bicenteneario </subfield>
    <subfield code="c">Gisela Andrade</subfield>
    <subfield code="h">lubro</subfield>
  </datafield>
  <datafield tag="250" ind1=" " ind2=" ">
    <subfield code="a">1a.ed. :</subfield>
  </datafield>
  <datafield tag="260" ind1=" " ind2=" ">
    <subfield code="a">CABA ,</subfield>
    <subfield code="b">Educar.</subfield>
    <subfield code="c">2012</subfield>
  </datafield>
  <datafield tag="300" ind1="0" ind2="3">
    <subfield code="a">36 p.;</subfield>
    <subfield code="c">19,5 cm</subfield>
    <subfield code="e">Men&#xFA; de recursos educativos. DVD</subfield>
  </datafield>
  <datafield tag="490" ind1="0" ind2="3">
    <subfield code="a">Serie para la ense&#xF1;anza en el modelo 1 a 1</subfield>
  </datafield>
  <datafield tag="500" ind1=" " ind2=" ">
    <subfield code="a">Co0ntiene recursos para los docentes de Historia y Formaci&#xF3;n &#xC9;tica y ciudadana. Contiene DVD. </subfield>
  </datafield>
  <datafield tag="648" ind1=" " ind2=" ">
    <subfield code="a">2012</subfield>
    <subfield code="2">Unescot</subfield>
  </datafield>
  <datafield tag="650" ind1=" " ind2=" ">
    <subfield code="a">Historia. Formaci&#xF3;n &#xC9;tica y Ciudadana</subfield>
    <subfield code="2">spines</subfield>
  </datafield>
  <datafield tag="651" ind1=" " ind2=" ">
    <subfield code="a">Argentina</subfield>
    <subfield code="2">unescot</subfield>
  </datafield>
  <datafield tag="830" ind1=" " ind2=" ">
    <subfield code="v">Serie para la ense&#xF1;anza en el modelo 1 a 1</subfield>
  </datafield>
  <datafield tag="856" ind1=" " ind2=" ">
    <subfield code="3">DVD</subfield>
    <subfield code="u">Orientaciones para el uso del material</subfield>
  </datafield>
  <datafield tag="929" ind1=" " ind2=" ">
    <subfield code="a">DONACION</subfield>
    <subfield code="b">Gisela Andrade</subfield>
    <subfield code="j">59467</subfield>
  </datafield>
  <datafield tag="942" ind1=" " ind2=" ">
    <subfield code="c">LIB</subfield>
  </datafield>
  <datafield tag="999" ind1=" " ind2=" ">
    <subfield code="c">249</subfield>
    <subfield code="d">249</subfield>
  </datafield>
  <datafield tag="952" ind1=" " ind2=" ">
    <subfield code="0">0</subfield>
    <subfield code="1">0</subfield>
    <subfield code="a">BIBESET</subfield>
    <subfield code="b">BIBESET</subfield>
    <subfield code="c">circulacion</subfield>
    <subfield code="d">2022-06-06</subfield>
    <subfield code="l">0</subfield>
    <subfield code="o">330 / AND</subfield>
    <subfield code="p">59467</subfield>
    <subfield code="r">2022-06-06</subfield>
    <subfield code="w">2022-06-06</subfield>
    <subfield code="y">LIB</subfield>
  </datafield>
</record>
